000 00726nam a22002055i 4500
001 157628
003 ES-MaACL
005 20230906210753.0
008 020926s1889 fr |||| | fre d
040 _aCCPB | B
_bspa
_cCCPB | B
100 1 _aLetourneau, Charles.
_971888
245 1 2 _aL'évolution de la propriété /
_cpar Ch. Letourneau.
260 _aParis :
_bLecrosnier et Babé, libraires-éditeurs,
_c1889 (
_eBourloton :
_fImprimeries réunies)
300 _aXXV, 521 p. ;
_c22 cm.
490 1 _aBibliothèque anthropologique ;
_v8
650 4 _aPropiedad.
_916476
830 0 _aBibliothèque anthropologique ;
_v8
_9187951
852 _aES-MaACL
_jF-14319
_z-- Enc. pasta española
999 _c157628
_d157628